01653nam a2200349 i 4500001001000000003000900010005001700019007000300036008004100039020001500080040003000095082002700125100004800152245010500200250004300305264006900348300002700417336002700444337003200471338002800503590005000531590002600581650006700607650006300674651005400737700005500791910001500846942001800861952026300879952014601142999001501288000007212DO-SdBNP20260517204935.0ta090907s2004 dr 001 0 spa d a9993497428 aDO-SdBNPbspacBNPHUerda 4a362.1097293bC355e2221 aCastro Ventura, Santiagoeautor4aut.9183710aEnfermedades de dominicanos célebres /cSantiago Castro Ventura ; prólogo, Mauro Canario Lorenzo aSegunda edición ampliada y corregida 4aSanto Domingo, República DominicanabEditora Manatí,c©2004 a343 páginas ;c21 cm atextobtxt2rdacontent asi mediaciónbn2rdamedia avolumenbnc2rdacarrier aLa biblioteca posee 1 ejemplar autografíado aInventariado, 2023/BT 72LembaPolíticosxEnfermedadeszRepública Dominicana989629 72LembaMujeresxEnfermedadeszRepública Dominicana989630 72LembaRepública DominicanaxEnfermedades9896311 aCanario Lorenzo, Mauro,eprologuista9200104prol. aBtavárez 2ddccLBS1e23 00102ddc51708PDaBNPHUbBNPHUcCTd2023-12-01eDonado por la Presidencia de la República Dominicana 2023l0oBNPHU PD 362.1097293 C355ep7212-10r2020-06-25w2020-06-25yLBS1zPerteneció a la biblioteca personal de Emilio Cordero MichelZNo se presta 00102ddc51708PDaBNPHUbBNPHUcCTd2023-11-22eDonado por Rosalia Peñal0oBNPHU PD C355ep2023-7947r2023-11-22te.2w2023-11-22yLBS1 c6993d6993